| 000 | 00341 a2200145 4500 | ||
|---|---|---|---|
| 001 | 151126 | ||
| 040 | _cEscola São Tomás de Aquino | ||
| 100 | _aPUHLER, Eunice | ||
| 240 | 1 | 0 |
_aCoração do cerrado _lpor |
| 245 | 1 | 0 | _aCoração do cerrado |
| 362 | 0 | _a2000 | |
| 440 | 1 | _aEditora do Brasil | |
| 697 | _a*LITERATURA INFANTO | ||
| 942 | _cBK | ||
| 999 |
_c151126 _d151126 |
||